[Event "AUT-chT2W 2122"]
[Site "Austria"]
[Date "2022.03.13"]
[Round "11.5"]
[White "Hengl, Christian"]
[Black "Neukirchner, Pascal"]
[Result "0-1"]
[WhiteElo "2172"]
[BlackElo "2210"]
[PlyCount "104"]
[EventDate "2021.10.15"]
[EventType "team-tourn"]
[EventRounds "11"]
[EventCountry "AUT"]
[SourceTitle "EXT 2023"]
[Source "ChessBase"]
[SourceDate "2022.10.05"]
[SourceVersion "1"]
[SourceVersionDate "2022.10.05"]
[SourceQuality "1"]
[WhiteTeam "Rochade Rum"]
[BlackTeam "Schwarzach"]
[WhiteTeamCountry "AUT"]
[BlackTeamCountry "AUT"]

1. e4 c5 2. Nc3 g6 3. g3 Bg7 4. Bg2 Nc6 5. d3 d6 6. f4 e6 7. Nf3 Nge7 8. 0-0 0-0 9. Be3 b6 10. d4 Ba6 11. Re1 Rc8 12. a4 Na5 13. Nb5 Nc4 14. Bc1 cxd4 15. Nfxd4 Bxb5 16. axb5 Qc7 17. c3 e5 18. fxe5 dxe5 19. Nc2 Qc5+ 20. Kh1 Qxb5 21. Bf1 Qb3 22. Bxc4 Qxc4 23. Rxa7 Nc6 24. Rd7 Rcd8 25. Qd5 Qa4 26. b3 Qa2 27. Qxc6 Rxd7 28. Qxd7 Qxc2 29. Qd5 Qxc3 30. Rf1 Qd4 31. Rd1 Qf2 32. Qd3 h5 33. Be3 Qf3+ 34. Kg1 b5 35. Rf1 Qg4 36. Qd5 Qe2 37. Bc5 Bh6 38. Rf2 Be3 39. Bxe3 Qxe3 40. Kg2 b4 41. Rf3 Qe2+ 42. Rf2 Qe3 43. Rf3 Qg5 44. h4 Qe7 45. Rd3 Rc8 46. Rd2 Rc3 47. Rf2 Qc7 48. Rf1 Rc2+ 49. Rf2 Rxf2+ 50. Kxf2 Qc3 51. Kg2 Kg7 52. Kh3 Qd4 0-1